[Event "EU-ch 1st"]
[Site "Saint Vincent"]
[Date "2000.07.10"]
[Round "7"]
[White "Yakovich, Yuri"]
[Black "Lalic, Bogdan"]
[Result "1/2-1/2"]
[WhiteElo "2585"]
[BlackElo "2520"]
[Annotator "Wells,P"]
[PlyCount "46"]
[EventDate "2000.07.03"]
[EventType "swiss"]
[EventRounds "11"]
[EventCountry "ITA"]
[SourceTitle "CBM 078"]
[Source "ChessBase"]
[SourceDate "2000.10.18"]
[SourceVersion "1"]
[SourceVersionDate "2000.10.18"]
[SourceQuality "1"]

1. d4 Nf6 2. c4 e6 3. Nc3 Bb4 4. f3 $5 c5 5. d5 d6 (5... Nh5 $5 {Is another
fun line which was popular about a decade ago, and for which I feel some
nostalgia. I really hope white succeeds in repairing a couple of problem lines
( see my notes to Volkov - Yevseev in this CBM ) and that 4 f3 returns to
fashion.} 6. Nh3 $1 Qh4+ 7. Nf2 Qxc4 8. e4 Bxc3+ 9. bxc3 Qxc3+ 10. Bd2 Qd4 11.
Qc1 exd5 12. Bc3 Qa4 13. Qg5 Qa3 (13... O-O 14. Qxh5 d4 15. Bd2 d6 16. Be2 Be6
17. O-O Nc6 18. f4 f6 19. Rfb1 Rab8 20. Bb5 Qc2 21. Qe2 a6 22. Rc1 Qb2 23. Bc4
Bxc4 24. Qxc4+ Kh8 25. Be1 Qb6 26. Rab1 Qd8 27. a4 $14 {1-0 Simantsev,
M-Shishkin,V/Bank Zachodni Open, Swidnica POL 1999 (50) I prefer the piece to
the pawns in almost all these lines.}) 14. Bxg7 (14. Nd1 $1 d4 15. Bd2 d6 16.
Qxh5 Nc6 17. Bc4 $14 {Wells}) 14... Qb4+ {1/2-1/2 Karolyi,T-Orso,M/HUN 1998/
EXT 2000.}) (5... b5 6. e4 bxc4 7. Bxc4 Nxd5 8. Bxd5 exd5 9. Qxd5 Nc6 10. Nge2
Ba6 11. Kf2 $14 {does not give black equality. The bishop on b4 is somehow out
on a limb, while the backward d-pawn combines with a certain vulnerability of
black's king-side togive white real play.}) 6. e4 O-O (6... Bxc3+ $5 7. bxc3 e5
8. Bd3 Nbd7 9. Ne2 Nf8 10. Be3 h6 11. Qd2 Ng6 12. O-O {My general opinion is
that white is also a little better in these slower manouevering positions. The
knights are supposed to like such blocked structures of course but white has
far more plausible breaks. In this example, black negotiated the problems well.
} Bd7 13. Ng3 Qc7 14. Rab1 O-O-O 15. Rb2 Kb8 16. Rfb1 Ka8 17. Rxb7 Qxb7 18.
Rxb7 Kxb7 19. Ne2 Rb8 20. Nc1 Ka8 21. Nb3 Rhc8 22. Qc1 Be8 23. Qa3 Nd7 24. g3
Ne7 25. Bf1 Rc7 26. Qa6 Rb6 $11 {1-0 Yakovich,Y-Ibragimov,I/Sochi 1997/CBM 62 
(80)}) 7. Nge2 (7. Bd3 {rather invites} b5 $1 8. Nge2 Nbd7 $5 9. dxe6 fxe6 10.
cxb5 Ne5 11. Bf4 (11. Bc2 d5 $132) 11... Nxd3+ 12. Qxd3 d5 13. exd5 exd5 14.
O-O d4 15. Ne4 Nxe4 16. fxe4 (16. Qxe4 Bf5 $32) 16... Be6 $44 {0-1 Moskalenko,
V-Kiselev,S/Moscow 1996/Inf 68 (43)}) 7... Nh5 (7... Re8 8. Ng3 Bxc3+ 9. bxc3
Qa5 10. Bd2 Bd7 11. Be2 Ba4 $6 12. Qc1 Nbd7 13. O-O a6 14. Bf4 $1 Qc7 (14... e5
$6 15. Bg5 {[%cal Gg3f5]}) 15. Rb1 Nf8 16. h4 b5 17. Qd2 Ng6 18. Bg5 Nd7 19. h5
Ngf8 20. h6 g6 {[%csl Rf6,Rg7]} 21. f4 Rab8 22. e5 $5 exd5 23. cxd5 dxe5 24. d6
Qc6 25. Be7 c4 26. f5 $40 {1-0 Wells,P-King,D/London 1991/CBM 24 (43)}) (7...
b5 8. Ng3 $1 exd5 (8... bxc4 9. Bxc4 exd5 $140 10. Bxd5 $16) 9. cxd5 a6 10. Be2
Nbd7 11. O-O c4 12. Be3 Re8 13. Kh1 Bc5 14. Bxc5 Nxc5 15. b4 $1 {In general,
these Benoni type structures arising from the Nimzo-Indian seem a little
suspicious for black. The Benoni itself gains its force from the counterplay
which the g7 bishop promotes. Here white seizes the opportunity to show that
his knights can head for more promising squares than black's unpromising
light-squared bishop can contain.} cxb3 16. axb3 b4 (16... Bb7 {[%csl Rf5]
[%cal Yg3f5]}) (16... Bd7 17. b4 Nb7 {[%csl Rb7]} (17... Na4 18. Nxa4 bxa4 19.
Qd4 {[%csl Ra4][%cal Ye2d1]})) 17. Nb5 {[%cal Gb5d4,Gd4c6,Gg3f5]} Qb6 18. Nd4
Bd7 19. Qd2 a5 20. Bc4 h6 21. Nc6 $1 Bxc6 22. dxc6 Qxc6 23. Nf5 {[%csl Yc4,Yf5]
and white's instructive pawn offer has secured him truly superb minor pieces.
V.Milov - N.de Firmian, Biel 1995 1-0 (40).}) 8. g4 Qh4+ ({It is also possible
to exchange immediately on c3, at a moment which at least guarantees that
white must recapture with the pawn. This of course also avoids the possibility
( which black experiences but survives in the game here ) of the c3 knight
later moving, leaving the b4 bishop in a sense 'stranded' out of play. However,
there are also advantages to delaying the exchange - the pin is more effective
than inflicting the doubled c-pawns, for example in the event that black
wishes to create play with ...b5. For the record white had an edge after} 8...
Bxc3+ 9. bxc3 Qh4+ 10. Kd2 Nf6 11. Qe1 Qxe1+ 12. Kxe1 Nbd7 13. Ng3 Nb6 14. Bf4
Rd8 15. Kd2 Ne8 16. Bd3 Bd7 17. h4 {in 1/2-1/2 Giorgadze,G-Vaganian,R/Odessa
1989/URS-ch (19)}) 9. Kd2 Nf6 10. Qe1 $1 {This move is an important part of
white's strategy. In the middlegame the king on d2 and the pin on the c3
knight would constitute a serious handicap.} Qxe1+ 11. Kxe1 Nbd7 (11... b5 $6
12. a3 Ba5 13. Bf4 $1 e5 {[%csl Rf5]} 14. Bd2 bxc4 15. Ng3 Ba6 16. Nf5 Bc7 17.
Nd1 Nfd7 18. a4 g6 19. Nfe3 Nb6 20. a5 Nc8 21. Bxc4 Ne7 22. Ke2 f5 23. gxf5
gxf5 24. Rg1+ Kh8 25. Bxa6 Nxa6 26. f4 $5 fxe4 27. fxe5 dxe5 28. Nf2 Nb4 (28...
Rad8 29. Nxe4 Nxd5 30. Nxd5 Rxd5 31. Bh6 $40) 29. Bxb4 cxb4 30. Nxe4 $16 {
[%csl Rc7,Yd5,Ye4] 1-0 Wells,P-Helgason,R/Cappelle 1992/EXT 97 (47)}) 12. Kf2 (
12. Ng3 b5 $5 (12... Ne5 13. Be2 {[%csl Gf6][%cal Gf6e8,Yf3f4,Gb4e1,Gb7b5]
helps to throw light on how black's two potential breaks ( ...b5 and ...f5 )
together secure just about enough play. In contrast with the case of 13 Kf2,
white does not have to worry about ideas involving ...f5, since a move by the
f6 knight would enable the space-gaining 14 f4!. However, with the king still
on e1, counterplay with ...b5 remains an issue.} (13. Kf2 $5 {[%csl Rb4,Yb5]
[%cal Gb4e1,Gf6e8,Yf7f5] transposes to the main game.} Ne8 $1) 13... b5 $1 14.
g5 Nfd7 15. cxb5 exd5 16. exd5 Nb6 17. f4 Ng6 $13) 13. g5 Ne8 14. cxb5 exd5 15.
exd5 Nb6 (15... f6 $5) 16. Kf2 Bxc3 17. bxc3 Nxd5 18. Bd2 {1/2-1/2 Beliavsky,
A-Kortschnoj,V/Amsterdam 1990/CBM 20 (38)} Be6 19. a4 Nb6 20. a5 Nc4 21. Bc1
Nc7 $13 {Beliavsky.}) ({Another idea of black's move is to answer} 12. Bf4 {
with} Ne5 $1 ({as so often in these notes, the weakening of f5 involved in
playing} 12... e5 $6 {is well worth avoiding.} 13. Bd2 $36 {[%cal Ye2g3,Yh2h4]}
) 13. Bxe5 dxe5 $13 {-Ftacnik.}) 12... Ne5 13. Ng3 Ne8 $1 {[%cal Gf7f5,Yc8f5]}
(13... Nfd7 $2 14. Nb5) (13... Bxc3 $6 14. bxc3 b5 15. g5 Nfd7 16. cxb5 exd5
17. exd5 Nb6 18. f4 Ng4+ 19. Kf3 $14 {[%csl Rg4] Ftacnik. It looks even better
to me, since the threat of h3 is hard to meet, eg.} Nxd5 20. h3 Nxc3 21. Bd2
Bb7+ 22. Kxg4 Bxh1 23. Bxc3 $16) 14. Nd1 f5 15. gxf5 exf5 16. exf5 Bxf5 17.
Nxf5 Rxf5 18. f4 Nc7 {I wonder if this is a shade commital, since black does
not seem to have to worry unduly about a bishop landing on e6. Why not} (18...
Ng6 $5 19. Bd3 (19. Bh3 Rf8 20. Be6+ Kh8 21. Kg3 Nf6 $1 $132 {suddenly there
are a number of light-squares which our ambitious friend on e6 should be
covering.}) 19... Rf6 20. Kg3 Ne7 $13) 19. Kg3 Ng6 20. Bd3 Rf6 21. Nf2 Ne7 $1
22. Ne4 Nf5+ 23. Kf2 Rff8 $13 {[%csl Rb4,Rf2,Rf4,Gf5] An interesting position
brought to a premature close. I suspect that the slight weakness of white's f4
pawn, the f5 square associated with that weakness, and the potential slight
vulnerability of his king compensates the fact that the b4 bishop is out of
play. Even this piece helps to cover the e1 square, and the e-file is of
considerable potential importance here. It would have been interesting to test
this position further.} 1/2-1/2

[Event "Vikings GM 2nd"]
[Site "York"]
[Date "2000.12.16"]
[Round "4"]
[White "Barsov, Alexei"]
[Black "Wells, Peter K"]
[Result "1/2-1/2"]
[WhiteElo "2534"]
[BlackElo "2506"]
[Annotator "Wells,P"]
[PlyCount "64"]
[EventDate "2000.12.13"]
[EventType "tourn"]
[EventRounds "10"]
[EventCountry "ENG"]
[EventCategory "12"]
[SourceTitle "CBM 081"]
[Source "ChessBase"]
[SourceDate "2001.03.20"]
[SourceVersion "1"]
[SourceVersionDate "2001.03.20"]
[SourceQuality "1"]

1. d4 Nf6 2. c4 e6 3. Nc3 Bb4 4. Nf3 c5 5. g3 cxd4 6. Nxd4 O-O 7. Bg2 d5 8. O-O
$5 {My opponent's adoption of the Nf3/g3 variation against the Nimzo was
fairly easy to predict from the database. This move, however, popular during
the first wave of renewed interest in this variation in the mid-late 1980s, is
rarely seen these days, and came as a complete surprise. Alexei's explanation
for his choice was almost touching. He said that he had been reading my
annotations for ChessBase, and wanted to find a line which I hadn't yet
commented! What ammunition this job stacks up against me!} dxc4 9. Qa4 {
As usual, at my age, a surprise in the opening can result in extreme strain on
the resources of memory! At least this was the line against which I had some
recollection of a general set-up if not precise moves. In fact white has some
alternatives of which I was only very faintly aware, but neither} (9. Nc2 Bxc3
$1 10. bxc3 Qc7 11. Ne3 (11. Rb1 Nc6 $11) 11... Rd8 12. Qa4 Bd7 13. Qxc4 Qxc4
14. Nxc4 Bc6 $11) ({nor} 9. Bg5 h6 10. Bxf6 Qxf6 11. Ndb5 Nc6 12. Qa4 Qe5 $1
13. Rad1 a6 14. e3 Bd7 $1 15. Rxd7 axb5 16. Qxb5 $2 Bxc3 17. Rxb7 Qxb5 18. Rxb5
Na7 $19 {0-1 Speelman,J-Timman,J/London 1989/Candidates (31) look very
threatening.}) 9... Na6 10. Ndb5 (10. Rd1 $5 Bd7 11. Qc2 $13) 10... Nd5 {
This is about as much as I fully remembered, and it all seemed logical too.
Black fully protects the bishop on b4 and ensures that the c-pawn will not
simply be removed for no positional concession.} 11. Rd1 Qe8 $5 {Around here I
started to consume time, confirming the well-known saying that 'a little
knowledge is a dangerous thing'. I had a notion that at some early stage black
can capture on c3 to advantage, but I couldn't seem to make it work. Strangely,
in the post-mortem, my opponent also didn't seem very impressed by/ aware of
this idea, but in the cold light of day, it is difficult to fault} (11... Bxc3
$5 12. Nxc3 Nxc3 13. bxc3 Nc5 14. Qc2 Qc7 15. Ba3 {N} Rb8 16. Rd4 b6 $1 {
I think it was this idea which I overlooked. If you are fixated on keeping the
c4 pawn then the black squares can easily all collapse in a heap!} 17. Rxc4 Bb7
18. Bxb7 Rxb7 19. Rd1 Rbb8 20. Rcd4 Rbc8 21. Bxc5 Qxc5 22. Qa4 Qxc3 23. Qxa7
Qb2 24. R4d2 Qb5 $11 {Romanishin,O-Portisch,L/Reggio Emilia 1991/ (24). I
strongly suspect that this might be black's easiest route to equality.}) 12.
Nxd5 (12. Qc2 Bd7 13. Nxd5 {I.Sokolov - M.Gurevich,} exd5 14. Nc3 Bxc3 15. Qxc3
Bc6 16. Bxd5 Bxd5 17. Rxd5 Qxe2 18. Be3 $11 {Gurevich.}) 12... exd5 13. Bxd5 (
13. Rxd5 $6 Qxe2 $15 {should be one advantage of 11...Qe8 over 11...Bd7.})
13... Bd7 14. Bxc4 Rc8 15. Bd3 Nc5 $5 {[%mdl 8] An interesting novelty,
although I was of course unaware of this. I somehow didn't like the look of} (
15... Rc5 16. a3 Bxb5 17. Bxb5 Rxb5 18. axb4 Qxe2 19. Bd2 {[%csl Rb5]} Rf5 20.
Be3 {[%csl Ra6] 1-0 Volkov,N-Mitenkov,A/Pavlodar 1991/EXT 97 (33) when I
sensed that black's forces are rater uncoordinated, and the knight on a6 is
awful.}) 16. Qxb4 Nxd3 17. Rxd3 Bxb5 18. Re3 Qd7 {The opposite coloured
bishops and white's difficulty developing leave white no better alternative
than to head for a major piece ending as in the game.} 19. Bd2 $1 Rc2 20. Re7
Qxd2 21. Qxb5 Rxb2 22. Qa4 a6 23. Rd1 Qb4 24. Qd7 Rb1 $6 {Complicating the
task. There was not much wromg with the obvious} (24... Rxa2 $11) 25. Rxb1
Qxb1+ 26. Kg2 Qxa2 27. Qxb7 Qa4 28. e4 {[%cal Ye4e6] Still one idea to make
trouble!} g6 29. e5 Qd4 $1 {[%csl Gg7][%cal Gd4g7]} 30. h4 a5 31. h5 gxh5 32.
Qf3 Qg4 1/2-1/2

[Event "NED-ch56"]
[Site "Leeuwarden"]
[Date "2001.06.27"]
[Round "6"]
[White "Ernst, Sipke"]
[Black "Van der Wiel, John"]
[Result "1/2-1/2"]
[WhiteElo "2435"]
[BlackElo "2493"]
[Annotator "Wells,P"]
[PlyCount "77"]
[EventDate "2001.06.20"]
[EventType "tourn"]
[EventRounds "9"]
[EventCountry "NED"]
[EventCategory "12"]
[SourceTitle "CBM 084"]
[Source "ChessBase"]
[SourceDate "2001.09.13"]
[SourceVersion "1"]
[SourceVersionDate "2001.09.13"]
[SourceQuality "1"]

1. d4 Nf6 2. c4 e6 3. Nc3 Bb4 4. f3 $5 {I am not yet ready to start playing
this again myself for the reason outlined in the next note. However, I am
grateful to those who do, since it is a lot of fun, as this game will show.} d5
5. a3 Be7 ({It is not for the first time that I find myself writing that in my
opinion black's best is to enter the main line with} 5... Bxc3+ 6. bxc3 c5 {
with excellent chances for equality.}) 6. e4 dxe4 7. fxe4 e5 8. d5 Bc5 {
While white's whole idea is justified by the fact that for black to disturb
the white king also entails getting his minor pieces in something of a tangle,
I am still convinced that black needs to go down this path. Otherwise the
white centre is simply too broad and too comfortable.} (8... Ng4 9. Nf3 Bc5 {
is merely transpositional.}) (8... O-O 9. Nf3 Bg4 10. Bd3 Bc5 11. h3 Bxf3 12.
Qxf3 c6 13. Bg5 Nbd7 14. O-O-O a6 15. Rhf1 Qc7 16. Kb1 cxd5 17. exd5 $36 {
1-0 Lerner,K-Ivanov,A/New York 1990/CBM 16 ext (45) looks promising for white.}
) 9. Nf3 Ng4 10. Na4 Bf2+ 11. Ke2 Bh4 $6 {An unusual and slightly unlikely
line as is} (11... Bd4 $6 12. Nxd4 exd4 13. Qxd4 O-O 14. h3 Qh4 15. g3 $1 Qh5
16. Bg2 Ne5+ 17. g4 Bxg4+ 18. hxg4 Qxg4+ 19. Kf2 Nbd7 20. Qd1 Qg6 21. Qh5 Ng4+
22. Ke2 Nde5 {I am still convinced that black's best shot is the tricky line I
had to face some years ago} 23. Bf4 {1-0 Shirov,A-Dautov,R/Daugavpils 1989/CBM
16 (23)}) (11... b5 $5 12. h3 bxa4 13. hxg4 Bg3 $1 {Only this way. Black will
exchange dark squared bishops on f4, and then try by means of the move ...f6
to contain white's breaks both in the centre and on the king-side. Some chance
for overload? I expect so, but it is not so easy to prove.} 14. Rh3 Bf4 15.
Bxf4 exf4 16. Rh4 f6 17. c5 Nd7 18. Qd4 (18. Qxa4 $5) 18... O-O 19. Kd2 Ne5 $1
20. Bc4 Qe8 21. Rah1 h6 {0-1 Wells,P-Lendwai,R/Graz 1991/CBM 22 ext (34) and
black is surprisingly solid}) 12. g3 Be7 13. h3 Nf6 14. Qc2 O-O 15. Kf2 Bd7 16.
Nc3 Bc5+ 17. Kg2 Re8 18. b4 Bd4 19. Bd3 a5 20. Rb1 ({Looks better than} 20. Bb2
axb4 21. axb4 Rxa1 22. Bxa1 Na6) 20... axb4 21. axb4 c5 22. Ne2 Ba4 23. Qd2 b5
24. Nexd4 $6 {This looks to be playing ball a little too much.I do not see
much wrong with calling black's bluff, and examining the compensation after} (
24. cxb5 $5 c4 25. Bc2 $14 c3 26. Qd3 Bxc2 27. Qxc2) 24... bxc4 25. Nf5 cxd3
$132 26. Qg5 {Looks tempting, but white lacks a killer punch as his own king
is rather exposed.} g6 27. Nh6+ Kg7 28. Qh4 Bc2 29. Rb2 c4 30. Ng5 Nbd7 31.
Nhxf7 Qb6 $1 {[%cal Gb6g6]} 32. Rf1 (32. Qh6+ Kg8 33. Ne6 Rxe6 34. dxe6 Qxe6
$132) 32... c3 33. Rxc2 dxc2 34. Ne6+ Rxe6 35. dxe6 Qxe6 36. Ng5 Qc4 37. g4 Ra6
38. Nxh7 Qxe4+ 39. Kh2 1/2-1/2